Vista normal
Vista MARC
Entrada Nombre personal
Número de registros utilizados en: 4
001 - NÚMERO DE CONTROL
- campo de control: 11184
003 - IDENTIFICADOR DEL NÚMERO DE CONTROL
- campo de control: BNPHU
005 - FECHA Y HORA DE LA ÚLTIMA TRANSACCIÓN
- campo de control: 20240228131751.0
008 - DATOS DE LONGITUD FIJA
- campo de control de longitud fija: 200615|| aca||aabn | a|a d
040 ## - FUENTE DE LA CATALOGACIÓN
- Centro catalogador/agencia de origen: DO-SdBNP
- Lengua de catalogación: spa
- Centro/agencia transcriptor: BNPHU
- Normas de descripción: rda
100 1# - ENCABEZAMIENTO-NOMBRE DE PERSONA
- Nombre de persona: Méndez, José Enrique
370 ## - LUGAR ASOCIADO
- Lugar de nacimiento: San Juan de la Maguana (República Dominicana)
374 ## - OCUPACIÓN
- Ocupación: Ingenieros químicos
- Ocupación: Poeta
- Ocupación: Escritor
375 ## - GÉNERO/SEXO
- Género/Sexo: Masculino
377 ## - LENGUA/LENGUAJE ASOCIADO
- Código del idioma: spa
400 1# - TRAZADO DE VÉASE--NOMBRE DE PERSONA
- Nombre de persona: Méndez Díaz, José Enrique
400 1# - TRAZADO DE VÉASE--NOMBRE DE PERSONA
- Nombre de persona: Díaz, José Enrique Méndez
400 1# - TRAZADO DE VÉASE--NOMBRE DE PERSONA
- Nombre de persona: Méndez, Ike
670 ## - FUENTE DE DATOS ENCONTRADOS
- Cita de la fuente: Work cat.: (OSt)3469: Matos, Luis Enrique 11180, San Juan de la Maguana :, 2007.
670 ## - FUENTE DE DATOS ENCONTRADOS
- Cita de la fuente: San Juan de la Maguana, 2007: |
670 ## - FUENTE DE DATOS ENCONTRADOS
- Cita de la fuente: Símbolos de identidad sanjuanera, 2011
